Die psychopatischen Persönlichkeiten /
Uložené v:
| Hlavný autor: | |
|---|---|
| Médium: | Kniha |
| Jazyk: | German |
| Vydané: |
Wien :
Franz Deuticke,
1946.
|
| Vydanie: | 8. Aufl. |
| ISBN: |
(brož.) |
| Fyzický popis: |
125 s. |
| Tagy: |
Pridať tag
Žiadne tagy, Buďte prvý kto otaguje tento záznam!
|
Titul je dostupný aj v ... 

MARC
| LEADER | 00000nam a22000004a 4500 | ||
|---|---|---|---|
| 001 | 000511366 | ||
| 005 | 20160707200119.0 | ||
| 008 | 160707s1946 au e 000 0 ger d | ||
| 020 | |a (brož.) |z Kčs 12,00 | ||
| 040 | |a SVKKK |b slo |c SVKKK |e AACR2 | ||
| 041 | 0 | |a ger | |
| 044 | |a au |c At | ||
| 100 | 1 | |a Schneider, Kurt |4 aut | |
| 245 | 1 | 4 | |a Die psychopatischen Persönlichkeiten / |c Kurt Schneider. |
| 250 | |a 8. Aufl. | ||
| 260 | |a Wien : |b Franz Deuticke, |c 1946. | ||
| 300 | |a 125 s. | ||
| 910 | |a svkkk | ||
| 998 | |a BK | ||
| 090 | |g SCKHL |k Sklad Pribinova 1. posch. |a IV.38320 |j 372650 |i 511366-10 |s Prezenčne | ||